000 00444nam a2200205Ia 4500
001 109804
003 YMCAF
005 20230512162402.0
008 100717s2002 ||||||||||||||||| ||und|d
024 _a109804
035 _aWB791
040 _aYMCAF
_beng
_cIN-KoLT
041 _aeng
082 _a005.276
_bMER
100 _aMercer, Dave
245 0 _aASP. Net beginners guide
260 _bTMH
_c2002
300 _a576
942 _2ddc
_cBK
999 _c11626
_d11626